Colonialisn English and Punjabi (Record no. 30367)

000 -LEADER
fixed length control field 00636 a2200157 4500
020 ## - INTERNATIONAL STANDARD BOOK NUMBER
International Standard Book Number 978-969-8535-29-2
082 ## - DEWEY DECIMAL CLASSIFICATION NUMBER
Classification number 338.9009171
090 ## - LOCALLY ASSIGNED LC-TYPE CALL NUMBER (OCLC); LOCAL CALL NUMBER (RLIN)
-- 1760
-- 1760
100 ## - MAIN ENTRY--PERSONAL NAME
Personal name Dr. Safdar Ali Shah
245 ## - TITLE STATEMENT
Title Colonialisn English and Punjabi
Statement of responsibility, etc. Dr. Safdar Ali Shah
260 ## - PUBLICATION, DISTRIBUTION, ETC.
Place of publication, distribution, etc. Islamabad
Name of publisher, distributor, etc. NUST Publishing
Date of publication, distribution, etc. 2015
300 ## - PHYSICAL DESCRIPTION
Extent 349p
942 ## - ADDED ENTRY ELEMENTS (KOHA)
Institution code [OBSOLETE] SNS
Koha item type Book
Call number prefix 338.9009171 SAF
Holdings
Withdrawn status Lost status Damaged status Not for loan Permanent Location Current Location Date acquired Total Checkouts Full call number Barcode Date last seen Price effective from Koha item type Date last checked out
        School of Natural Sciences (SNS) School of Natural Sciences (SNS) 05/26/2016   338.9009171 SAF SNS0002164 05/26/2016 05/26/2016 Book  
        School of Natural Sciences (SNS) School of Natural Sciences (SNS) 05/26/2016 1 338.9009171 SAF SNS0002165 10/30/2023 05/26/2016 Book 10/11/2023
© 2023 Central Library, National University of Sciences and Technology. All Rights Reserved.